| 000 | 01301cam a22003374a 4500 | ||
|---|---|---|---|
| 001 | 2425 | ||
| 003 | FISKH | ||
| 005 | 20231205152255.0 | ||
| 008 | 010601s2000 enk c 000 1 eng | ||
| 010 | _a 2001347668 | ||
| 020 | _a0141304766 (pbk.) | ||
| 020 | _a9780141377353 | ||
| 040 |
_aDLC _cDLC _beng |
||
| 050 | 0 | 0 |
_aPZ7.N1384 _bOt 2000 |
| 082 | 0 | 0 |
_a[Fic] _221 |
| 100 | 1 | _aNaidoo, Beverley. | |
| 245 | 1 | 4 |
_aThe other side of truth / _cBeverley Naidoo. |
| 250 | _aReissued in this edition 2017 | ||
| 260 |
_aLondon : _bPuffin Books, _c2000. |
||
| 300 |
_a330 pages : _c20 cm |
||
| 520 | _aSmuggled out of Nigeria after their mother's murder, Sade and her younger brother are abandoned in London when their uncle fails to meet them at the airport and they are fearful of their new surroundings and of what may have happened to their journalist father back in Nigeria. | ||
| 521 | 8 |
_a730
_bLexile |
|
| 586 | _aNestlé Smarties Book Prize: Silver Award Winner, 2000 | ||
| 650 | 0 |
_aNigerians _zEngland _zLondon _vJuvenile fiction. |
|
| 650 | 1 |
_aNigerians _zEngland _zLondon _vFiction. |
|
| 650 | 1 |
_aBlack people _zEngland _zLondon _vFiction. |
|
| 650 | 1 |
_aRefugees _vFiction. |
|
| 650 | 1 |
_aSiblings _vFiction. |
|
| 906 |
_a7 _bcbc _corigres _d3 _encip _f20 _gy-gencatlg |
||
| 942 |
_2ddc _cBK _n0 |
||
| 999 |
_c2425 _d2425 |
||